| 000 | 00637nam a2200193 i 4500 | ||
|---|---|---|---|
| 001 | 129323 | ||
| 003 | ES-MaACL | ||
| 005 | 20231227062635.0 | ||
| 007 | t| | ||
| 008 | 070612m19651966sp e |||| | spa d | ||
| 080 | _a087.5:03=60 | ||
| 245 | 0 | 3 |
_aEl tesoro de la juventud _b: enciclopedia de conocimientos / _ccolaboradores especiales Ramón Menéndez Pidal ... [et al.]. |
| 260 |
_aBarcelona : _bÉxito, _c[1965-1966] |
||
| 300 |
_a18 v. ; _c26 cm. |
||
| 650 |
_aEnciclopedias infantiles y juveniles. _9156655 |
||
| 700 | 1 |
_aMenéndez Pidal, Ramón, _d1869-1968 _980315 |
|
| 852 |
_aES-MaACL _jC-28637-53 |
||
| 999 |
_c129323 _d129323 |
||